000 00305cam a22001097a 4500
008 180718b1977 xxu||||| |||| 00| 0 eng d
082 _aA2:P52x54 J18
100 _aJafar, S.M.
245 _aStudent unrest in India: a select bibliography
_cby S.M. Jafar
260 _aGurgaon
_bI.D.S.
_c1977
300 _a191p.
999 _c346899
_d346899